Bài tập xác suất và thống kê ( Có lời giải )
Guardat en:
| Autor principal: | |
|---|---|
| Format: | Llibre |
| Idioma: | Undetermined |
| Publicat: |
Tp. HCM
Nxb Tp. HCM
1992
|
| Matèries: | |
| Etiquetes: |
Afegir etiqueta
Sense etiquetes, Sigues el primer a etiquetar aquest registre!
|
| Thư viện lưu trữ: | Trung tâm Học liệu Trường Đại học Cần Thơ |
|---|
| LEADER | 00587nam a2200181Ia 4500 | ||
|---|---|---|---|
| 001 | CTU_40143 | ||
| 008 | 210402s9999 xx 000 0 und d | ||
| 082 | |a 519.2076 | ||
| 082 | |b H121 | ||
| 100 | |a Đặng Hấn | ||
| 245 | 0 | |a Bài tập xác suất và thống kê ( Có lời giải ) | |
| 245 | 0 | |c Đặng Hấn | |
| 260 | |a Tp. HCM | ||
| 260 | |b Nxb Tp. HCM | ||
| 260 | |c 1992 | ||
| 650 | |a mathematical statistics - problems, exercises,probabilities - problems, exercises | ||
| 904 | |i Minh, 010203 | ||
| 980 | |a Trung tâm Học liệu Trường Đại học Cần Thơ | ||